00341nam a2200133Ia 4500008004100000020001800041041000800059082001300067100001600080245002400096260003600120300001400156700003700170220530s9999 xx 000 0 und d a9788184002980 aeng a820bYUV aYuvra Singh aThe Test of my Life aNoidabRandam House Indiac2013 a189 PbPB a Arora Jeet Nishant Ugra Sharda